000 00502nam a2200205Ia 4500
003 OSt
005 20250901185005.0
008 210423s2000 xx 000 0 und d
040 _cAL
041 _aEnglish
082 _a331
_bAROI
100 _aArora M
_9112773
245 _aIndustrial relations
260 _aNew Delhi
_bExcel Books
_c2000
365 _b275
_cINR
650 _aEconomics
_9112774
650 _aLabour Economics
_9112775
906 _aIndustrial ; relations
942 _2ddc
_cBK
999 _c172908
_d172908